<?xml version="1.0" encoding="UTF-8"?>
<record
    xmlns:xsi="http://www.w3.org/2001/XMLSchema-instance"
    xsi:schemaLocation="http://www.loc.gov/MARC21/slim http://www.loc.gov/standards/marcxml/schema/MARC21slim.xsd"
    xmlns="http://www.loc.gov/MARC21/slim">

  <leader>00688nam a22001577a 4500</leader>
  <controlfield tag="003">LRUA</controlfield>
  <controlfield tag="005">20210125104117.0</controlfield>
  <controlfield tag="008">201223b        xxu||||| |||| 00| 0 eng d</controlfield>
  <datafield tag="040" ind1=" " ind2=" ">
    <subfield code="c">rua</subfield>
  </datafield>
  <datafield tag="082" ind1=" " ind2=" ">
    <subfield code="2">.</subfield>
    <subfield code="a">AHR CHE 2018 B668 Or.</subfield>
  </datafield>
  <datafield tag="100" ind1=" " ind2=" ">
    <subfield code="9">14494</subfield>
    <subfield code="a">CHEA SAMAY, &#x1787;&#x17B6; &#x179F;&#x17C6;&#x17A2;&#x17C3;</subfield>
  </datafield>
  <datafield tag="245" ind1=" " ind2=" ">
    <subfield code="a">&#x1785;&#x1798;&#x17D2;&#x179B;&#x17BE;&#x1799;&#x178F;&#x1794;&#x1793;&#x17C3;&#x1780;&#x17B6;&#x179A;&#x179B;&#x17BC;&#x178F;&#x179B;&#x17B6;&#x179F;&#x17CB; &#x1793;&#x17B7;&#x1784;&#x1791;&#x17B7;&#x1793;&#x17D2;&#x1793;&#x1795;&#x179B;&#x179A;&#x1794;&#x179F;&#x17CB;&#x178A;&#x17C6;&#x178E;&#x17B6;&#x17C6;&#x1798;&#x17D2;&#x1791;&#x17C1;&#x179F;&#x1791;&#x17C5;&#x1793;&#x17B9;&#x1784;&#x1780;&#x17B6;&#x179A;&#x1794;&#x17D2;&#x179A;&#x17BE;&#x1794;&#x17D2;&#x179A;&#x17B6;&#x179F;&#x17CB;&#x1782;&#x1798;&#x17D2;&#x179A;&#x1794;&#x178A;&#x17B8;&#x1795;&#x17D2;&#x179F;&#x17C1;&#x1784;&#x17D7;&#x1782;&#x17D2;&#x1793;&#x17B6;, response of growth and yield of chilli to different mulchings</subfield>
  </datafield>
  <datafield tag="260" ind1=" " ind2=" ">
    <subfield code="a">phnom penh</subfield>
    <subfield code="b">rua</subfield>
    <subfield code="c">2018</subfield>
  </datafield>
  <datafield tag="300" ind1=" " ind2=" ">
    <subfield code="a">xi,33p,</subfield>
    <subfield code="b">ill,</subfield>
    <subfield code="c">29cm,</subfield>
  </datafield>
  <datafield tag="942" ind1=" " ind2=" ">
    <subfield code="2">ddc</subfield>
    <subfield code="c">AGR</subfield>
  </datafield>
  <datafield tag="999" ind1=" " ind2=" ">
    <subfield code="c">19558</subfield>
    <subfield code="d">19558</subfield>
  </datafield>
  <datafield tag="952" ind1=" " ind2=" ">
    <subfield code="0">0</subfield>
    <subfield code="1">0</subfield>
    <subfield code="2">ddc</subfield>
    <subfield code="4">0</subfield>
    <subfield code="6">AHR_CHE_2018_000000000000000_B668_OR</subfield>
    <subfield code="7">0</subfield>
    <subfield code="9">85897</subfield>
    <subfield code="a">LBB</subfield>
    <subfield code="b">LBB</subfield>
    <subfield code="c">B668</subfield>
    <subfield code="d">2020-12-23</subfield>
    <subfield code="l">2</subfield>
    <subfield code="o">AHR CHE 2018 B668 Or</subfield>
    <subfield code="p">A065499</subfield>
    <subfield code="r">2026-06-19</subfield>
    <subfield code="s">2026-06-05</subfield>
    <subfield code="w">2020-12-23</subfield>
    <subfield code="y">AGR</subfield>
  </datafield>
  <datafield tag="952" ind1=" " ind2=" ">
    <subfield code="0">0</subfield>
    <subfield code="1">0</subfield>
    <subfield code="2">ddc</subfield>
    <subfield code="4">0</subfield>
    <subfield code="6">AHR_CHE_2018_000000000000000_B668_OR</subfield>
    <subfield code="7">0</subfield>
    <subfield code="9">85898</subfield>
    <subfield code="a">LBB</subfield>
    <subfield code="b">LBB</subfield>
    <subfield code="c">B668</subfield>
    <subfield code="d">2020-12-23</subfield>
    <subfield code="o">AHR CHE 2018 B668 Or</subfield>
    <subfield code="p">A065206</subfield>
    <subfield code="r">2020-12-23</subfield>
    <subfield code="w">2020-12-23</subfield>
    <subfield code="y">AGR</subfield>
  </datafield>
  <datafield tag="952" ind1=" " ind2=" ">
    <subfield code="0">0</subfield>
    <subfield code="1">0</subfield>
    <subfield code="2">ddc</subfield>
    <subfield code="4">0</subfield>
    <subfield code="6">AHR_CHE_2018_000000000000000_B668_OR</subfield>
    <subfield code="7">0</subfield>
    <subfield code="9">85899</subfield>
    <subfield code="a">LBB</subfield>
    <subfield code="b">LBB</subfield>
    <subfield code="c">B668</subfield>
    <subfield code="d">2020-12-23</subfield>
    <subfield code="o">AHR CHE 2018 B668 Or</subfield>
    <subfield code="p">A065326</subfield>
    <subfield code="r">2020-12-23</subfield>
    <subfield code="w">2020-12-23</subfield>
    <subfield code="y">AGR</subfield>
  </datafield>
  <datafield tag="952" ind1=" " ind2=" ">
    <subfield code="0">0</subfield>
    <subfield code="1">0</subfield>
    <subfield code="2">ddc</subfield>
    <subfield code="4">0</subfield>
    <subfield code="6">AHR_CHE_2018_000000000000000_B668_OR</subfield>
    <subfield code="7">0</subfield>
    <subfield code="9">85900</subfield>
    <subfield code="a">LBB</subfield>
    <subfield code="b">LBB</subfield>
    <subfield code="c">B668</subfield>
    <subfield code="d">2020-12-23</subfield>
    <subfield code="o">AHR CHE 2018 B668 Or</subfield>
    <subfield code="p">A065386</subfield>
    <subfield code="r">2020-12-23</subfield>
    <subfield code="w">2020-12-23</subfield>
    <subfield code="y">AGR</subfield>
  </datafield>
  <datafield tag="952" ind1=" " ind2=" ">
    <subfield code="0">0</subfield>
    <subfield code="1">0</subfield>
    <subfield code="2">ddc</subfield>
    <subfield code="4">0</subfield>
    <subfield code="6">AHR_CHE_2018_000000000000000_B668_OR</subfield>
    <subfield code="7">0</subfield>
    <subfield code="9">85901</subfield>
    <subfield code="a">LBB</subfield>
    <subfield code="b">LBB</subfield>
    <subfield code="c">B668</subfield>
    <subfield code="d">2020-12-23</subfield>
    <subfield code="l">2</subfield>
    <subfield code="o">AHR CHE 2018 B668 Or</subfield>
    <subfield code="p">A064891</subfield>
    <subfield code="r">2026-06-19</subfield>
    <subfield code="s">2026-06-05</subfield>
    <subfield code="w">2020-12-23</subfield>
    <subfield code="y">AGR</subfield>
  </datafield>
  <datafield tag="952" ind1=" " ind2=" ">
    <subfield code="0">0</subfield>
    <subfield code="1">0</subfield>
    <subfield code="2">ddc</subfield>
    <subfield code="4">0</subfield>
    <subfield code="6">AHR_CHE_2018_000000000000000_B668_OR</subfield>
    <subfield code="7">0</subfield>
    <subfield code="9">85902</subfield>
    <subfield code="a">LBB</subfield>
    <subfield code="b">LBB</subfield>
    <subfield code="c">B668</subfield>
    <subfield code="d">2020-12-23</subfield>
    <subfield code="l">2</subfield>
    <subfield code="o">AHR CHE 2018 B668 Or</subfield>
    <subfield code="p">A064831</subfield>
    <subfield code="r">2026-06-19</subfield>
    <subfield code="s">2026-06-05</subfield>
    <subfield code="w">2020-12-23</subfield>
    <subfield code="y">AGR</subfield>
  </datafield>
</record>
